01894nam a2200385 i 4500001001000000003000900010005001700019007000300036008004100039020001800080040003000098041000800128082002200136100006500158245009500223264004500318300004500363336002700408337003300435338002800468500003400496500005600530590002600586650004800612650003900660650002800699910003800727942001400765952014600779952014600925952014601071952013401217952014001351999001701491000038013DO-SdBNP20260224122911.0ta130312s2012 dr a 001 0 spa d a9789945005905 aDO-SdBNPbspacBNPHUerda aspa 4a302.34bS684t2221 aSolano-Joseph, María Magdalena,d1957-eautor4aut.96441210aTodo lo que brilla no es oro :bel poder de la amistad /cMaría Magdalena Solano-Joseph. 1aSanto Domingo :bmpresos Familia,c2012. a248 páginas :bilustraciones ;c22 cm. atextobtxt2rdacontent asin mediaciónbn2rdamedia avolumenbnc2rdacarrier aEn la portada: New York, USA. aIncluye datos biográficos del autor en la solapa. aInventariado, 2018/BT 4aAmistadvEnsayos, conferencias, etc.964413 7aConducta de vida 2LIBRUNAM911947 4aRelaciones humanas9606 aValidado. Control de calidad. EMS 2ddccLBS1 00102ddc56708DSaBNPHUbBNPHUcHDd2013-03-12l0oBNPHU DS 302.34 S684tp38013-30r2020-06-25te. 3w2020-06-25yLBS1ZPréstamo en sala 00102ddc56708DSaBNPHUbBNPHUcHDd2013-09-20l0oBNPHU DS 302.34 S684tp38013-40r2020-06-25te. 4w2020-06-25yLBS1ZPréstamo en sala 00102ddc56708DSaBNPHUbBNPHUcHDd2013-09-20l0oBNPHU DS 302.34 S684tp38013-50r2020-06-25te. 5w2020-06-25yLBS1ZPréstamo en sala 00102ddc51708PDaBNPHUbBNPHUcHDd2013-03-12l0oBNPHU PD 302.34 S684tp38013-10r2020-06-25w2020-06-25yLBS1ZNo se presta 00102ddc51708PDaBNPHUbBNPHUcHDd2013-03-12l0oBNPHU PD 302.34 S684tp38013-20r2020-06-25te. 2w2020-06-25yLBS1ZNo se presta c37503d37503